Posibilidades de una teoría de la paz elaborada desde una ética pragmatista del desarrollo humano en Colombia/

El propósito de este artículo es indagar por la posibilidad de formular una teoría de la paz elaborada desde una ética pragmatista del desarrollo humano en Colombia, que allane el camino para lograr procesos de justicia y educación dinámicos y pertinentes para la creación de una cultural de la paz e...

Disgrifiad llawn

Wedi'i Gadw mewn:
Manylion Llyfryddiaeth
Prif Awdur: Agudelo Zorrilla, Andrés Felipe
Fformat: Llyfr
Iaith:Spanish
Pynciau:
Tagiau: Ychwanegu Tag
Dim Tagiau, Byddwch y cyntaf i dagio'r cofnod hwn!

MARC

LEADER 00000nam a22000007a 4500
003 cru CIDCACS/IIS
005 20181112092655.0
007 ta
008 180905t2018 cr |||p|r|||| 00| 0 spa d
999 |c 41633  |d 41633 
040 |c cru CIDCACS/IIS 
100 1 |9 7627  |a Agudelo Zorrilla, Andrés Felipe 
245 1 |a Posibilidades de una teoría de la paz elaborada desde una ética pragmatista del desarrollo humano en Colombia/  |c Andrés Felipe Agudelo Zorrilla 
300 |a páginas 23-30 
520 |a El propósito de este artículo es indagar por la posibilidad de formular una teoría de la paz elaborada desde una ética pragmatista del desarrollo humano en Colombia, que allane el camino para lograr procesos de justicia y educación dinámicos y pertinentes para la creación de una cultural de la paz en la ciudadanía colombiana, y un paradigma de actuación política cimentando en el desarrollo humano, una vez firmados los acuerdos de paz entre el gobierno Colombiano y el grupo guerrillero de las FARC EP.  
650 0 |9 5306  |a DESARROLLO HUMANO 
650 0 |9 194  |a ETICA 
650 0 |9 126  |a CULTURA 
650 0 |9 138  |a PAZ 
650 0 |9 84  |a FILOSOFIA 
650 0 |9 3294  |a DESARROLLO 
650 0 |9 7947  |a DEWEY, JOHN, 1859-1952 
650 0 |9 7948  |a SEN, AMARTYA, 1933- 
651 0 |9 4598  |a COLOMBIA 
773 0 |0 40315  |9 2221  |a Universidad de Costa Rica  |d San José, Montes de Oca, Costa Rica: Editorial Universidad de Costa Rica, 1957-  |o 18963  |t Revista de Filosofía/  |x 00348252 
942 |2 ddc  |c PP